Normal view
MARC view
- احزاب سياسية- فلسطين-تاريخ
Entry Topical Term
001 - CONTROL NUMBER
- control field: 50610
003 - CONTROL NUMBER IDENTIFIER
- control field: JO-AjAnu
005 - DATE AND TIME OF LATEST TRANSACTION
- control field: 20230606082330.0
008 - FIXED-LENGTH DATA ELEMENTS
- fixed length control field: 230606|| aca||aabn | a|a d
040 ## - CATALOGING SOURCE
- Original cataloging agency: JO-AjAnu
- Transcribing agency: JO-AjAnu
150 ## - HEADING--TOPICAL TERM
- Topical term or geographic name entry element: احزاب سياسية- فلسطين-تاريخ
670 ## - SOURCE DATA FOUND
- Source citation: Work cat.: (JO-AjAnu)25872: محافظة، علي, author 50609, الفكر السياسي في فلسطين من نهاية الحكم العثماني حتى نهاية الانتداب البريطاني 1918-1948